Was heißt digitale Souveränität? : Diskurse, Praktiken und Voraussetzungen »individueller« und »staatlicher Souveränität« im digitalen Zeitalter.

Bibliographic Details
Main Author: Glasze, Georg.
Other Authors: Odzuck, Eva., Staples, Ronald.
Format: eBook
Language:German
Published: Bielefeld : transcript, 2022.
Edition:1st ed.
Series:Politik in der digitalen Gesellschaft
Subjects:
Online Access:Click to View
LEADER 01672nam a22003973i 4500
001 EBC7144726
003 MiAaPQ
005 20231204023228.0
006 m o d |
007 cr cnu||||||||
008 231204s2022 xx o ||||0 ger d
020 |a 9783839458273  |q (electronic bk.) 
020 |z 9783732858279 
035 |a (MiAaPQ)EBC7144726 
035 |a (Au-PeEL)EBL7144726 
035 |a (OCoLC)1353269925 
040 |a MiAaPQ  |b eng  |e rda  |e pn  |c MiAaPQ  |d MiAaPQ 
100 1 |a Glasze, Georg. 
245 1 0 |a Was heißt digitale Souveränität? :  |b Diskurse, Praktiken und Voraussetzungen »individueller« und »staatlicher Souveränität« im digitalen Zeitalter. 
250 |a 1st ed. 
264 1 |a Bielefeld :  |b transcript,  |c 2022. 
264 4 |c {copy}2022. 
300 |a 1 online resource (323 pages) 
336 |a text  |b txt  |2 rdacontent 
337 |a computer  |b c  |2 rdamedia 
338 |a online resource  |b cr  |2 rdacarrier 
490 1 |a Politik in der digitalen Gesellschaft 
588 |a Description based on publisher supplied metadata and other sources. 
590 |a Electronic reproduction. Ann Arbor, Michigan : ProQuest Ebook Central, 2023. Available via World Wide Web. Access may be limited to ProQuest Ebook Central affiliated libraries.  
655 4 |a Electronic books. 
700 1 |a Odzuck, Eva. 
700 1 |a Staples, Ronald. 
776 0 8 |i Print version:  |a Glasze, Georg  |t Was heißt digitale Souveränität?  |d Bielefeld : transcript,c2022  |z 9783732858279 
797 2 |a ProQuest (Firm) 
830 0 |a Politik in der digitalen Gesellschaft 
856 4 0 |u https://ebookcentral.proquest.com/lib/matrademy/detail.action?docID=7144726  |z Click to View